| 000 | 01223nam a2200241 a 4500 | ||
|---|---|---|---|
| 001 | 38382 | ||
| 003 | BD-RjUL | ||
| 005 | 20211209052803.0 | ||
| 008 | 151121s1981 ii ||||| |||| 00| 0 ben d | ||
| 035 | _a(BD-RjUL)38487 | ||
| 040 |
_aBD-RjUL _bben _cBD-RjUL |
||
| 041 | _aben | ||
| 082 |
_a891.4408 _bGAN 1981 |
||
| 100 |
_aগঙ্গোপাধ্যায়, নারায়ণ _9118551 |
||
| 245 |
_aনারায়ণ গঙ্গোপাধ্যায় রচনাবলী / _cনারায়ণ গঙ্গোপাধ্যায় ; সম্পাদনা আশা দেবী, অরিজিৎ গঙ্গোপাধ্যায় _nচতুর্থ খন্ড |
||
| 260 |
_aকলিকাতা : _bমিত্র ও ঘোষ পাবলিশার্স প্রাঃ লিঃ, _c১৯৮১ |
||
| 300 |
_a৫৭২ পৃ.; _c২২ সেমি. |
||
| 650 |
_aবাংলা সাহিত্য _xবিবিধ সংগ্রহ _9118552 |
||
| 650 |
_aBengali literature _xMiscellaneous collcetions _9118553 |
||
| 700 |
_aদেবী, আশা _9118554 |
||
| 700 |
_aগঙ্গোপাধ্যায়, অরিজিৎ _9118555 |
||
| 942 |
_2ddc _cBK |
||
| 999 |
_c38382 _d38382 |
||